A-Z Characters: 1990s Cartoons Quiz Stats

 Plays Quiz not verified by Sporcle

Score 0/26 Timer 05:00
6 Plays Today
A-Z Character % Correct
AArthur Read (Arthur)
92.6%
DDexter (Dexter's Laboratory)
84%
BButt-Head (Beavis and Butt-Head)
83.2%
CCat (CatDog)
81.6%
KKenny McCormick (South Park)
79.8%
JJohnny Bravo (Johnny Bravo)
79.5%
PPinky (Pinky and the Brain)
72%
LLil DeVille (Rugrats)
63.1%
FFranklin Turtle (Franklin)
61.9%
SStimpy (The Ren & Stimpy Show)
60.8%
HHelga Pataki (Hey Arnold!)
57.4%
GGoku (Dragon Ball Z)
53.5%
TThe Tick (The Tick: The Animated Series)
49.3%
A-Z Character % Correct
RRocko (Rocko's Modern Life)
48.2%
EEliza Thornberry (The Wild Thornberrys)
47%
MMojo Jojo (The Powerpuff Girls)
42.2%
YYakko (Animaniacs)
33.3%
VVince (Recess)
30.1%
OOtto Rocket (Rocket Power)
25.2%
UÜter Zörker (The Simpsons)
16.4%
NNorbert Beaver (Angry Beavers)
16.1%
ZZatanna (Batman: The Animated Series)
11.6%
IIckis (Aaahh!!! Real Monsters)
7.8%
WWheeler (Captain Planet and the Planeteers)
6.1%
QQuackerjack (Darkwing Duck)
3.3%
XXerxes (Aladdin)
2.4%

You're not logged in!

Compare scores with friends on all Sporcle quizzes.
OR
Log In

Show Comments

Extras

Top Quizzes Today


Score Distribution

Your Account Isn't Verified!

In order to create a playlist on Sporcle, you need to verify the email address you used during registration. Go to your Sporcle Settings to finish the process.

Report this User

Report this user for behavior that violates our Community Guidelines.

Details: